000 00820nam a2200265 a 4500
001 BRCA_533
005 20190320203042.0
008 870302s1987 nyua---##b---#001-0#eng-#
020 _a0847808327
040 _aDLC
_cDLC
_dOCoLC
041 _aeng
044 _anyu
050 4 _aNC1878.5
_b.F36 1987
100 1 _aFanelli, Giovanni
_91842
245 1 0 _aArt nouveau postcards
_cGiovanni Fanelli and Ezio Godoli.
260 _aNueva York
_bRizzoli
_c1987
300 _a377 p.
_bil. (a color)
_c28 cm.
500 _aIncluye diccionario biográfico e índice de nombres
500 _aTraducción de: La Cartolina Art Nouveau
504 _aBibliografía : p. 371-375
650 1 4 _aPostales
_91843
650 1 4 _aDecoración y ornamentación
_xArt Nouveau
_91844
700 1 _aGodoli, Ezio
_ecoaut.
_91845
942 _2lcc
_cB
999 _c465
_d465